[Event "Tournoi francophone 006 Groupe D"]
[Site "Skype"]
[Date "????.??.??"]
[Round "8.1"]
[White "Ambrosino, Theo"]
[Black "Porcabeuf, Jean-Marc"]
[Result "1-0"]
[WhiteElo "1419"]
[BlackElo "1270"]
[PlyCount "59"]

1. e4 e5 2. Nf3 Nc6 3. Nc3 d6 4. Bc4 h6 5. d3 Nf6 6. h3 Be7 7. O-O O-O 8. a3
Be6 9. Nd5 Nxd5 10. exd5 Bxd5 11. Bxd5 Na5 12. b4 c6 13. Ba2 b6 14. bxa5 bxa5
15. Rb1 Rc8 16. Re1 c5 17. Rb7 a6 18. Bc4 Rb8 19. Bxa6 Rxb7 20. Bxb7 Bf6 21.
Bd5 Qc7 22. c3 Kh8 23. d4 cxd4 24. cxd4 exd4 25. Nxd4 Qb6 26. Nf5 Qb1 27. Nxd6
Bc3 28. Nxf7+ Kh7 29. Be4+ Kg8 30. Bxb1 1-0

[Event "Tournoi francophone 006 Groupe D"]
[Site "Skype"]
[Date "????.??.??"]
[Round "8.2"]
[White "Bucherie, Volcy"]
[Black "Vervoort, Jean-Louis"]
[Result "0-1"]
[WhiteElo "1191"]
[BlackElo "1395"]
[PlyCount "54"]

1. c4 c5 2. Nc3 e5 3. e4 d6 4. g3 Nf6 5. Bg2 Be7 6. Nge2 O-O 7. O-O Nc6 8. d3
Bg4 9. f3 Bh5 10. g4 Bg6 11. a3 h6 12. Be3 b6 13. Qa4 Qc7 14. Nb5 Qb7 15. b4
Rab8 16. h4 Bh7 17. d4 cxd4 18. Bxd4 exd4 19. Nexd4 Nxd4 20. Nxd4 Rfc8 21. e5
dxe5 22. Nf5 Rxc4 23. f4 Qc7 24. fxe5 Nxg4 25. Nxe7+ Qxe7 26. Qb3 Qxh4 27. Bd5
Qh2# 0-1

[Event "Tournoi francophone 006 Groupe D"]
[Site "Skype"]
[Date "????.??.??"]
[Round "8.3"]
[White "Riviere, Perrine"]
[Black "Gabriele, Noel"]
[Result "0-1"]
[WhiteElo "1304"]
[BlackElo "1305"]
[PlyCount "34"]

1. e4 Nc6 2. f4 e6 3. Nf3 d5 4. Nc3 d4 5. Ne2 Bc5 6. d3 Nge7 7. c3 dxc3 8. bxc3
O-O 9. d4 Bb6 10. g3 f5 11. exf5 exf5 12. Ba3 Kh8 13. Nc1 Re8 14. Bg2 Nd5+ 15.
Ne5 Nxc3 16. Qd2 Bxd4 17. Qxc3 Bxc3+ 0-1

[Event "Tournoi francophone 006 Groupe D"]
[Site "Skype"]
[Date "????.??.??"]
[Round "8.5"]
[White "Lemoine, Gerard"]
[Black "Bustos, Ricardo"]
[Result "1-0"]
[WhiteElo "1330"]
[BlackElo "1319"]
[PlyCount "39"]

1. d4 Nf6 2. c4 e5 3. Bg5 exd4 4. Qxd4 c5 5. Qe3+ Qe7 6. Nc3 Qxe3 7. Bxe3 Ng4
8. Bf4 Nc6 9. Nb5 Kd8 10. Bc7+ Ke8 11. Bg3 Kd8 12. Nc7 Rb8 13. Ne6+ fxe6 14.
Bxb8 Nxb8 15. e4 Ne5 16. b3 a6 17. Ne2 b5 18. Nc3 bxc4 19. bxc4 Nxc4 20. Bxc4
1-0

[Event "Tournoi francophone 006 Groupe D"]
[Site "Skype"]
[Date "????.??.??"]
[Round "9.1"]
[White "Bustos, Ricardo"]
[Black "Ambrosino, Theo"]
[Result "0-1"]
[WhiteElo "1319"]
[BlackElo "1419"]
[PlyCount "62"]

1. c4 e5 2. Nc3 Nf6 3. d3 Bc5 4. Nf3 Nc6 5. e3 d5 6. cxd5 Nxd5 7. Ne4 Bb4+ 8.
Bd2 Bxd2+ 9. Nfxd2 Ndb4 10. a3 Nxd3+ 11. Bxd3 Qxd3 12. Qb3 Qxb3 13. Nxb3 Be6
14. Nbc5 O-O-O 15. Nxe6 fxe6 16. O-O h6 17. Nc5 Rhe8 18. Rad1 Rxd1 19. Rxd1 g5
20. b4 h5 21. b5 Na5 22. Ne4 g4 23. Nf6 Rh8 24. a4 Nc4 25. Rc1 Nd2 26. Rc2 Rd8
27. Nxh5 Nb3 28. g3 Nd2 29. Kg2 Nf3 30. Rc5 Rd1 31. h3 Rg1# 0-1

[Event "Tournoi francophone 006 Groupe D"]
[Site "Skype"]
[Date "????.??.??"]
[Round "9.4"]
[White "Vervoort, Jean-Louis"]
[Black "Riviere, Perrine"]
[Result "1-0"]
[WhiteElo "1395"]
[BlackElo "1304"]
[PlyCount "27"]

1. d4 d5 2. c4 Nf6 3. Nc3 dxc4 4. e4 e5 5. d5 Bc5 6. h3 Bb4 7. Bxc4 Bxc3+ 8.
bxc3 Nxe4 9. Nf3 Nxc3 10. Qc2 Nxd5 11. Bxd5 Qxd5 12. O-O Nc6 13. Rd1 f6 14.
Rxd5 1-0

[Event "Tournoi francophone 006 Groupe D"]
[Site "Skype"]
[Date "????.??.??"]
[Round "9.5"]
[White "Porcabeuf, Jean-Marc"]
[Black "Bucherie, Volcy"]
[Result "0-1"]
[WhiteElo "1270"]
[BlackElo "1191"]
[PlyCount "48"]

1. d4 d5 2. e3 Nf6 3. Bd3 c5 4. c3 Nc6 5. Bc2 Bg4 6. f3 Bh5 7. Ne2 cxd4 8. cxd4
e5 9. e4 dxe4 10. Bxe4 Nxe4 11. fxe4 exd4 12. O-O Bc5 13. Qd3 Bxe2 14. Qxe2 d3+
15. Be3 dxe2 16. Bxc5 exf1=Q+ 17. Kxf1 Qg5 18. b4 O-O-O 19. Nc3 Rd2 20. Ne2 Re8
21. Ke1 Rxe4 22. Be3 Qxe3 23. b5 Rxe2+ 24. Kd1 Qg1# 0-1